Những kiến trúc sư nổi tiếng thế giới

Qua tranh ảnh và những lời bình ngắn gọn khắc hoạ được chân dung và sự đóng góp cho nhân loại của 10 kiến trúc sư nổi tiếng thế giới qua các thời đại

Enregistré dans:
Détails bibliographiques
Auteur principal: Nguyễn, Thắng Vu
Format: Livre
Langue:Undetermined
Publié: Hà Nội Kim Đồng 2006
Sujets:
Tags: Ajouter un tag
Pas de tags, Soyez le premier à ajouter un tag!
Thư viện lưu trữ: Trung tâm Học liệu Trường Đại học Cần Thơ
LEADER 00844nam a2200217Ia 4500
001 CTU_101288
008 210402s9999 xx 000 0 und d
020 |c 100000 
082 |a 720.92 
082 |b V500/T.1 
100 |a Nguyễn, Thắng Vu 
245 0 |a Những kiến trúc sư nổi tiếng thế giới 
245 0 |c Nguyễn Thắng Vu ... [et al.] 
260 |a Hà Nội 
260 |b Kim Đồng 
260 |c 2006 
520 |a Qua tranh ảnh và những lời bình ngắn gọn khắc hoạ được chân dung và sự đóng góp cho nhân loại của 10 kiến trúc sư nổi tiếng thế giới qua các thời đại 
650 |a Architecture 
650 |x Biography 
904 |i Vương 
980 |a Trung tâm Học liệu Trường Đại học Cần Thơ